000
00267nam a2200133Ia 4500
100
_a
Mann/Richard A
942
_c
BK
654
_a
IBM
245
_a
An IBM 1130
260
_b
Harper & Row Pub
_a
New York
_c
1974
082
_a
1.6
300
_a
276
546
_a
ENGLISH
999
_c
35251
_d
35251